[Event "ch-Europe Internet Blitz"]
[Site "playchess.com INT"]
[Date "2003.11.09"]
[Round "2.5"]
[White "Adams,Mi"]
[Black "Hansen,SuB"]
[Result "1-0"]
[WhiteElo "2725"]
[BlackElo "2551"]

1.e4 c5 2.Nf3 e6 3.d4 cxd4 4.Nxd4 a6 5.Bd3 Bc5 6.Nb3 Ba7 7.Qg4 Nf6 8.Qg3 d6
9.Nc3 Nc6 10.O-O h5 11.Bg5 Ne5 12.Rad1 h4 13.Qh3 Rh5 14.Bxf6 gxf6 15.Kh1 Qe7
16.f4 Nc6 17.Qf3 Rh8 18.h3 Bd7 19.Qe2 Nb4 20.a3 Nxd3 21.Rxd3 O-O-O 22.Rfd1 Bb8
23.Na5 Bc7 24.Nc4 Bc6 25.b4 f5 26.exf5 Qf6 27.fxe6 fxe6 28.a4 Rhg8 29.Ne3 Qxf4
30.b5 d5 31.Nf1 axb5 32.axb5 Bd7 33.Ra1 Kb8 34.Rf3 Qe5 35.Qf2 d4 36.Re1 Qh5
37.Ne4 Bxb5 38.Nf6 Qg6 39.Nxg8 Rxg8 40.Rf8+ Rxf8 41.Qxf8+ Be8 42.Nd2 e5 43.Ne4 Ba5
44.Ra1 Qxe4 45.Qxe8+ Kc7 46.Qe7+ Kc6 47.Qe6+ Kc7 48.Qf7+ Kc6 49.Qf6+ Kc7
50.Qf7+ Kc6 51.Qc4+ Kd6 52.Rf1 Bd8 53.Qb4+ Ke6 54.Qf8 Be7 55.Qc8+ Kd6 56.Qb8+ Ke6
57.Qc8+ Kd6 58.Rb1 Qc6 59.Qf5 b5 60.Ra1 b4 61.Ra6 Qxa6 62.Qg6+  1-0

[Event "1st Chesspangenberg Open"]
[Site "Buenos Aires ARG"]
[Date "2003.11.11"]
[Round "7"]
[White "Juarez,CE"]
[Black "Garcia,Rai"]
[Result "0-1"]
[WhiteElo "2146"]
[BlackElo "2347"]

1.e4 c5 2.Nf3 e6 3.d4 cxd4 4.Nxd4 a6 5.Bd3 Bc5 6.Nb3 Be7 7.O-O Nc6 8.c4 Nf6
9.Nc3 b6 10.f4 d6 11.a3 Bb7 12.Be3 O-O 13.Qe2 Nd7 14.Rac1 Nc5 15.Bc2 g6 16.Rfd1 Qc7
17.Nd4 Nxd4 18.Bxd4 e5 19.Be3 Ne6 20.fxe5 dxe5 21.Nd5 Bxd5 22.cxd5 Nd4 23.Qf2 Qd8
24.Bxd4 exd4 25.Rb1 d3 26.Rxd3 Bc5 27.Re3 Rc8 28.Bd3 Qg5 29.Rbe1 f5 30.exf5 Rce8
31.Rxe8 Bxf2+ 32.Kxf2 Qd2+  0-1

[Event "ch-UKR"]
[Site "Simferopol UKR"]
[Date "2003.11.12"]
[Round "9"]
[White "Bylino,O"]
[Black "Simantsev,M"]
[Result "1-0"]
[WhiteElo "2258"]
[BlackElo "2407"]

1.e4 c5 2.Nf3 e6 3.d4 cxd4 4.Nxd4 a6 5.Bd3 Nf6 6.O-O d6 7.c3 Be7 8.Qe2 Qc7
9.Bg5 Nbd7 10.Bc2 O-O 11.Nd2 Re8 12.f4 b6 13.Rae1 Bb7 14.e5 Nd5 15.Qd3 Nf8
16.Ne4 dxe5 17.fxe5 g6 18.Qg3 h5 19.Rf2 Bxg5 20.Nxg5 Re7 21.Ref1 Nh7 22.Nxh7 Kxh7
23.Rxf7+ Rxf7 24.Qxg6+  1-0

[Event "TCh-FIN 2003-4"]
[Site "Finland FIN"]
[Date "2003.11.15"]
[Round "4"]
[White "Sorri,K"]
[Black "Kivisto,M"]
[Result "1-0"]
[WhiteElo "2272"]
[BlackElo "2300"]

1.e4 c5 2.Nf3 e6 3.d4 cxd4 4.Nxd4 a6 5.Bd3 Nf6 6.O-O d6 7.Nc3 Bd7 8.Be3 Nc6
9.Nxc6 Bxc6 10.f4 d5 11.e5 d4 12.exf6 dxe3 13.fxg7 Bxg7 14.Qg4 Qd4 15.Ne2 Qxb2
16.Rab1 Qf6 17.f5 h5 18.Qc4 Bd5 19.Qc5 Qg5 20.Nf4 Bf8 21.Qxe3 Rg8 22.Rf2 O-O-O
23.fxe6 Bxg2 24.h4 Bc5 25.hxg5 Bxe3 26.exf7 Rxg5 27.Nxg2 Rf8 28.Bc4 Bxf2+
29.Kxf2 Rxf7+ 30.Bxf7 Rf5+ 31.Ke2 Rxf7 32.Rh1 Rf5 33.Rh4 Rb5 34.a4 Rg5 35.Nf4 Kc7  1-0

[Event "ch-IND A Women"]
[Site "Calicut IND"]
[Date "2003.11.16"]
[Round "11"]
[White "Pratibha,Y"]
[Black "Sachdev,T"]
[Result "1/2-1/2"]
[WhiteElo "2231"]
[BlackElo "2218"]

1.e4 c5 2.Nf3 e6 3.d4 cxd4 4.Nxd4 a6 5.Bd3 Nf6 6.O-O Qc7 7.Qe2 d6 8.f4 Be7
9.c4 b6 10.b3 Nbd7 11.Bb2 Bb7 12.Nd2 O-O 13.Rae1 e5 14.Nf5 Nc5 15.Bc2 Bc8
16.Kh1 Re8 17.Nf3 exf4 18.e5 Bf8 19.Qd2 Bxf5 20.Bxf5 Nfd7 21.Qxf4 h6 22.b4 Ne6
23.Bxe6 fxe6 24.exd6 Bxd6 25.Qd4 Nf6 26.Nh4 Bxb4 27.Rb1 Bc5 28.Qd1 Rad8 29.Qe2 Bd4
30.Bc1 Rc8 31.Nf3 Qxc4 32.Qxc4 Rxc4 33.Nxd4 Rxd4 34.Rxb6 a5 35.Bb2 Rb4 36.Rxb4 axb4
37.Kg1 Nd5 38.Rf3 Rf8 39.Rg3 Rf7 40.a3 bxa3 41.Rxa3 Rb7 42.Be5 Kf7 43.Rf3+ Nf6
44.h3 Rb5 45.Re3 g5 46.g4 Nd7 47.Bg3 e5 48.Kf2 Ke6 49.Ra3 Nc5 50.Ke3 Rb4
51.Kf3 Rb3+ 52.Rxb3 Nxb3 53.Ke3 Kd5 54.h4 Nc5 55.hxg5 hxg5 56.Be1 e4 57.Bc3 Nd7
58.Bd2 Ne5 59.Ke2 Nf3 60.Bc1 Ke5 61.Be3 Nd4+ 62.Kf2 Ne6 63.Ke2 Nf4+ 64.Kf2 Kd5
65.Bb6 Kc4 66.Ke3 Nd5+ 67.Kxe4 Nxb6 68.Kf5 Nd5  1/2-1/2

[Event "TCh-SLO"]
[Site "Celje SLO"]
[Date "2003.11.17"]
[Round "1"]
[White "Kastelic,M"]
[Black "Dizdar,S"]
[Result "1-0"]
[WhiteElo "2300"]
[BlackElo "2351"]

1.e4 e6 2.d4 c5 3.Nf3 cxd4 4.Nxd4 a6 5.Bd3 Nc6 6.Nxc6 dxc6 7.O-O e5 8.f4 Nf6
9.Kh1 Ng4 10.Qe1 Bc5 11.Nc3 Qd4 12.Nd1 Be6 13.Qh4 h5 14.Bd2 exf4 15.Bc3 Qd6
16.Bxg7 Rg8 17.Bc3 Qe7 18.Qxe7+ Kxe7 19.h3 Ne3 20.Nxe3 Bxe3 21.Be5 Rg6 22.Bxf4 Bd4
23.c3 Bc5 24.b4 Bd6 25.e5 Bc7 26.Bxg6 fxg6 27.Bg5+ Ke8 28.Rae1 Bxa2 29.e6 a5
30.Rf7 Bd8 31.e7  1-0

[Event "Claude Pecaut Mem"]
[Site "Taormina ITA"]
[Date "2003.11.17"]
[Round "3"]
[White "Calzetta,M"]
[Black "Ortega,Le"]
[Result "1/2-1/2"]
[WhiteElo "2274"]
[BlackElo "2462"]

1.e4 c5 2.Nf3 e6 3.d4 cxd4 4.Nxd4 a6 5.Bd3 Bc5 6.Nb3 Ba7 7.Nc3 Nc6 8.Qe2 d6
9.Be3 Nge7 10.O-O b5 11.Rad1 O-O 12.Rd2 e5 13.Rfd1 Nd4 14.Bxd4 exd4 15.Nd5 Nxd5
16.exd5 Re8 17.Qf3 Qg5 18.h3 Bb7 19.Qf5 Qh6 20.Na5 g6 21.Qf3 Bc8 22.Nc6 Qg5
23.Be4 Bxh3 24.Qxh3 Rxe4 25.Qd7 Rae8 26.Rd3 Re1+ 27.Kh2 Qh4+ 28.Rh3 Qf4+
29.Rg3 d3 30.Nxa7 Qxf2 31.Rxe1 Rxe1 32.Qc8+ Kg7 33.Qc3+ Kg8 34.Qc8+ Kg7 35.Qc3+ Kf8
36.Qc8+ Kg7  1/2-1/2

[Event "TCh-SLO"]
[Site "Celje SLO"]
[Date "2003.11.21"]
[Round "7"]
[White "Gruskovnjak,T"]
[Black "Farago,I"]
[Result "0-1"]
[WhiteElo "2336"]
[BlackElo "2485"]

1.e4 c5 2.Nf3 e6 3.d4 cxd4 4.Nxd4 a6 5.Bd3 Nf6 6.Be3 Qc7 7.O-O Nc6 8.Nc3 Ne5
9.Nf3 Bd6 10.Nxe5 Bxe5 11.f4 Bxc3 12.bxc3 Qxc3 13.Qf3 d5 14.e5 Ne4 15.Bxe4 dxe4
16.Qxe4 Bd7 17.Qd4 Qxd4 18.Bxd4 O-O 19.Rab1 Bb5 20.Rf2 Rac8 21.c3 Rc4 22.Rb4 Rxb4
23.cxb4 Rc8 24.Rd2 Rc1+ 25.Kf2 h5 26.g4 hxg4 27.Kg3 Bc6 28.Kxg4 Rf1 29.Bf2 Rb1
30.Bc5 Bd5 31.a4 b6 32.Bxb6 Rxb4 33.a5 Rb3 34.f5 Rb4+ 35.Rd4 Rb2 36.fxe6 fxe6
37.h4 Rg2+ 38.Kf4 Kf7 39.Rd3 Re2 40.Re3 Rf2+ 41.Kg3 Ra2 42.h5 Kg8 43.Rc3 Kh7
44.Kg4 Rg2+ 45.Rg3 Rc2 46.Kg5 Re2 47.Be3 Re1 48.Rh3 Ra1 49.Bb6 Rf1 50.Bd4 Bc4
51.Rc3 Rf5+ 52.Kg4 Be2+ 53.Kg3 Rxh5 54.Rc2 Rg5+ 55.Kf4 Rg4+ 56.Ke3 Bb5 57.Rd2 g5
58.Rh2+ Kg6 59.Rf2 Bc4 60.Rb2 Rh4 61.Rg2 Rh3+ 62.Kf2 Bd5 63.Rg3 Rh2+ 64.Ke1 Kf5
65.Bb6 g4 66.Rc3 Kf4 67.Rc8 Rh1+ 68.Kd2 g3 69.Rf8+ Ke4 70.Rg8 Rh2+ 71.Ke1 Rh3
72.Rg4+ Kd3 73.Rd4+ Kc3 74.Rg4 Bf3  0-1

[Event "TCh-AUT 2003-4"]
[Site "Graz AUT"]
[Date "2003.11.28"]
[Round "1"]
[White "Freitag,M"]
[Black "Stangl,M"]
[Result "1/2-1/2"]
[WhiteElo "2383"]
[BlackElo "2493"]

1.e4 c5 2.Nf3 e6 3.d4 cxd4 4.Nxd4 a6 5.Bd3 Nf6 6.O-O d6 7.Be3 Be7 8.Nc3 b5
9.a3 Bb7 10.f4 Nbd7 11.Qf3 Nc5 12.Rae1 O-O 13.Qh3 Qc7 14.Bf2 d5 15.e5 Nfe4
16.Bxe4 dxe4  1/2-1/2

[Event "ch-GRE"]
[Site "Aspropyrgos GRE"]
[Date "2003.11.29"]
[Round "1"]
[White "Skaperdas,K"]
[Black "Mastrovasilis,A"]
[Result "0-1"]
[WhiteElo "2285"]
[BlackElo "2500"]

1.e4 c5 2.Nf3 e6 3.d4 cxd4 4.Nxd4 a6 5.Bd3 d5 6.exd5 Qxd5 7.O-O Bd7 8.Be3 Nf6
9.c4 Qd6 10.Na3 Nc6 11.c5 Qc7 12.Nxc6 Bxc6 13.f3 Rd8 14.Qb3 Be7 15.Rfd1 Rd5
16.Qb6 Qb8 17.Be2 Rh5 18.f4 Nd5 19.Rxd5 Rxd5 20.Bxa6 O-O 21.Be2 e5 22.f5 e4
23.Rf1 Qc8 24.g4 h5 25.h3 Bd7 26.b4 Qa8 27.Nb5 Qxa2 28.Nc3 Qb3 29.Nxd5 Qxd5
30.Qc7 Bf6 31.Rd1 Qb3 32.Qf4 Be5 33.Qxe4 Bc6 34.Qd3 Qxb4 35.Rb1 Qa4 36.Qc4 Qa3
37.Qb3 Qa5 38.Bc4 Qc7 39.Bd5 hxg4 40.hxg4 Rd8 41.Rd1 Bh2+ 42.Kf1 Re8 43.Bc1 Qe7
44.Qf3 Bxd5 45.Rxd5 Qe1+ 46.Kg2 Qg1+ 47.Kh3 Bb8 48.Rd2 Qxc1 49.Re2 Rxe2 50.Qxe2 Qh1+  0-1

[Event "Kurent Men"]
[Site "Ptuj SLO"]
[Date "2003.12.01"]
[Round "2"]
[White "Koziak,V"]
[Black "Illijin,N"]
[Result "1-0"]
[WhiteElo "2460"]
[BlackElo "2271"]

1.e4 c5 2.Nf3 e6 3.d4 cxd4 4.Nxd4 a6 5.Bd3 Nf6 6.O-O d6 7.c4 Be7 8.Nc3 Nc6
9.Be3 Qc7 10.Rc1 Ne5 11.Be2 O-O 12.f4 Ned7 13.g4 Nc5 14.Bf3 Kh8 15.g5 Ng8
16.f5 Qd8 17.h4 d5 18.cxd5 exf5 19.e5 Re8 20.Qd2 Nd7 21.d6 Bf8 22.Nd5 Rxe5
23.Bg2 Bxd6 24.Nxf5 Rxf5 25.Rxf5 Ne5 26.Rff1 Bg4 27.Nb6 Rb8 28.Nc4 Bc7 29.Qd4 Qxd4
30.Bxd4 Nd3 31.Rxf7 Ne7 32.Rxe7 Nxc1 33.Bxg7+  1-0

[Event "Kurent Men"]
[Site "Ptuj SLO"]
[Date "2003.12.03"]
[Round "6"]
[White "Roskar,R"]
[Black "Illijin,N"]
[Result "0-1"]
[WhiteElo "2244"]
[BlackElo "2271"]

1.e4 c5 2.Nf3 e6 3.d4 cxd4 4.Nxd4 a6 5.Bd3 Bc5 6.Nb3 Ba7 7.O-O Nc6 8.Qg4 Qf6
9.Nc3 h6 10.Kh1 Ne5 11.Qe2 Ne7 12.f4 Nxd3 13.cxd3 O-O 14.Be3 Bxe3 15.Qxe3 d5
16.e5 Qg6 17.Nd4 Bd7 18.Nce2 Rac8 19.Rf3 Rc7 20.g4 Nc6 21.g5 Nxd4 22.Nxd4 hxg5
23.fxg5 Rfc8 24.Raf1 Be8 25.Qf4 Bb5 26.Qe3 Be8 27.Rh3 Bb5 28.Rd1 Ba4 29.Rg1 Bb5
30.Rf3 Be8 31.h4 Qh5 32.Qf4 a5 33.Kh2 a4 34.a3 b5 35.Kg3 Rb7 36.Qd2 b4 37.axb4 Rcb8
38.Rg2 Rxb4 39.Qc3 Kh7 40.Rgf2 Kg8 41.Rd2 a3 42.bxa3 Rb1 43.Qc2 Rh1 44.Rh2 Ba4
45.Qxa4 Rxh2 46.Kxh2 Qxh4+ 47.Kg2 Rb2+ 48.Qc2 Qxd4  0-1

[Event "33rd Rilton Cup"]
[Site "Stockholm SWE"]
[Date "2003.12.03"]
[Round "7"]
[White "Aagaard,J"]
[Black "Bezold,M"]
[Result "1-0"]
[WhiteElo "2373"]
[BlackElo "2456"]

1.e4 c5 2.Nf3 e6 3.d4 cxd4 4.Nxd4 a6 5.Bd3 Bc5 6.Nb3 Ba7 7.O-O Nc6 8.Qg4 Kf8
9.Qe2 d6 10.Be3 Nf6 11.N1d2 e5 12.Rfd1 h6 13.a4 Bb8 14.Nc4 Bc7 15.a5 Be6
16.Nb6 Rb8 17.Bc4 Nxa5 18.Bxe6 fxe6 19.Nxa5 Bxb6 20.Nc4 Bxe3 21.Qxe3 Qc7
22.Nxd6 Rd8 23.Qa3 Kg8 24.c4 Kh7 25.c5 Ne8 26.Nc4 Nf6 27.Qa5 Rc8 28.Nd6 Qxa5
29.Rxa5 Rc7 30.Kf1 Nd7 31.Nxb7 Rxb7 32.c6 Rb6 33.cxd7 Rd8 34.Rc5  1-0

[Event "33rd Rilton Cup"]
[Site "Stockholm SWE"]
[Date "2003.12.03"]
[Round "7"]
[White "Timmermans,I"]
[Black "Kiik,K"]
[Result "0-1"]
[WhiteElo "2213"]
[BlackElo "2433"]

1.e4 c5 2.Nf3 e6 3.d4 cxd4 4.Nxd4 a6 5.Bd3 g6 6.c4 Bg7 7.Be3 d5 8.exd5 exd5
9.O-O Nf6 10.Nc3 O-O 11.h3 Nbd7 12.Nf3 dxc4 13.Bxc4 b5 14.Bb3 Bb7 15.a4 b4
16.Nd5 Nxd5 17.Bxd5 Bxd5 18.Qxd5 Ne5 19.Qe4 Nxf3+ 20.Qxf3 Qa5 21.Ra2 Rac8
22.Rd1 Rc2 23.Bd4 Bxd4 24.Rxd4 Qe5 25.Rd1 Rxb2 26.Rxb2 Qxb2 27.Qc6 Qe2 28.Rb1 a5
29.Qc5 Qa2  0-1

[Event "33rd Rilton Cup"]
[Site "Stockholm SWE"]
[Date "2003.12.03"]
[Round "7"]
[White "Hermansson,E"]
[Black "Lobron,E"]
[Result "0-1"]
[WhiteElo "2422"]
[BlackElo "2497"]

1.e4 c5 2.Nf3 e6 3.d4 cxd4 4.Nxd4 a6 5.Bd3 Bc5 6.Nb3 Ba7 7.O-O Ne7 8.Nc3 Nbc6
9.Qe2 d6 10.Be3 e5 11.Bxa7 Rxa7 12.Bc4 b5 13.Bd5 Rc7 14.a4 b4 15.Bxc6+ Rxc6
16.Nd5 Nxd5 17.exd5 Rc7 18.Na5 Rc5 19.Nc6 Qb6 20.a5 Qb5 21.Qe4 Rc4 22.Qd3 O-O
23.Ra4 Rxc6 24.dxc6 Qxa4 25.Qxd6 Qxc2 26.Rd1 Qg6 27.Qd5 Qe6 28.Qc5 Qg6 29.c7 Bh3
30.Qd5 e4 31.g3 e3 32.Rc1 Qf6 33.fxe3 Qxb2 34.Qc6 h6 35.Rd1 Qe2 36.Qd5 Qxe3+
37.Kh1 b3 38.Qb7 Bf5  0-1

[Event "ch-GRE w"]
[Site "Aspropyrgos GRE"]
[Date "2003.12.04"]
[Round "6"]
[White "Fakhiridou,E"]
[Black "Ikonomopoulou,M"]
[Result "1-0"]
[WhiteElo "2262"]
[BlackElo "2039"]

1.e4 c5 2.Nf3 e6 3.d4 cxd4 4.Nxd4 a6 5.Bd3 Bc5 6.Nb3 Be7 7.O-O d6 8.f4 Nd7
9.Nc3 Ngf6 10.Kh1 b5 11.Qf3 e5 12.a3 Bb7 13.f5 O-O 14.Qg3 Re8 15.Bh6 Bf8
16.Rad1 Rc8 17.Bc1 Nb6 18.Rfe1 Kh8 19.Nd2 Nh5 20.Qg4 Nf6 21.Qh3 d5 22.Nxd5 Nbxd5
23.exd5 Bxd5 24.c3 e4 25.Bc2 Qb6 26.Nf1 Qf2 27.Ne3 Bc4 28.Qg3 Qxg3 29.hxg3 a5
30.Kh2 h6 31.Kh3 a4 32.Ng4 Nxg4 33.Kxg4 Bc5 34.Be3 Be7 35.Bd4 Bg5 36.Bxe4 Bb3
37.Rb1 Rxe4+ 38.Rxe4 Bc2 39.Rbe1 Bxe4 40.Rxe4 Bc1 41.Re2 Kg8 42.Kf3 f6 43.Rc2 Bg5
44.Ke2 Re8+ 45.Kd3 Re1 46.Re2 Rxe2 47.Kxe2 Bc1 48.Kd3 Bxb2 49.Bc5 Bc1 50.Bb4 Kf7
51.Kd4 Ke8 52.Kc5 Kd7 53.Kxb5 h5 54.Kxa4 Kc6 55.c4 Be3 56.Bf8 Bh6 57.Kb3 Kd7
58.Kb4 Ke8 59.Bc5 Bd2+ 60.Kb5 Be1 61.Bd6 Kd7 62.c5 Bf2 63.a4 Kc8 64.Kc6 Kd8
65.a5  1-0

[Event "ch-IND National A"]
[Site "Calicut IND"]
[Date "2003.12.04"]
[Round "1"]
[White "Sandipan,C"]
[Black "Prathamesh,S"]
[Result "1-0"]
[WhiteElo "2504"]
[BlackElo "2379"]

1.e4 c5 2.Nf3 e6 3.d4 cxd4 4.Nxd4 a6 5.Bd3 g6 6.c4 Bg7 7.Ne2 d6 8.O-O Nf6
9.Nbc3 Qc7 10.h3 O-O 11.Be3 b6 12.Qd2 Bb7 13.Rad1 Rd8 14.Bh6 Nbd7 15.Bxg7 Kxg7
16.f4 Nc5 17.f5 exf5 18.exf5 Nxd3 19.Qxd3 d5 20.cxd5 Bxd5 21.Qe3 Bb7 22.Nd4 Re8
23.Qd2 Qg3 24.Rf2 Qe3 25.Ne6+ Rxe6 26.fxe6 Qxd2 27.Rfxd2  1-0

[Event "ch-IND National A"]
[Site "Calicut IND"]
[Date "2003.12.06"]
[Round "5"]
[White "Ramesh,R"]
[Black "Prathamesh,S"]
[Result "1-0"]
[WhiteElo "2466"]
[BlackElo "2379"]

1.e4 c5 2.Nf3 e6 3.d4 cxd4 4.Nxd4 a6 5.Bd3 Nf6 6.O-O Qc7 7.Qe2 d6 8.c4 g6
9.Nc3 Bg7 10.Rd1 O-O 11.Nf3 Nbd7 12.Bf4 Nh5 13.Bd2 b6 14.Rac1 Bb7 15.h3 Rfe8
16.Bb1 Rac8 17.b3 Qb8 18.Be3 Bf8 19.Qd2 Qa8 20.Bh6 Be7 21.Ng5 Bc6 22.a4 Qa7
23.Bc2 Ba8 24.Qe3 Qb8 25.Kh1 Qc7 26.Bd3 Nc5 27.Be2 Ng7 28.b4 Nd7 29.Qd4 Bf8
30.Qd2 Nf6 31.Kg1 Rcd8 32.Bd3 Qe7 33.Re1 Nd7 34.Nf3 Ne5 35.Be2 Qb7 36.Qb2 Qb8
37.Be3 Nd7 38.Nd4 Be7 39.Qd2 Rc8 40.Red1 Bb7 41.f4 Qa8 42.Bd3 Nh5 43.Re1 Bf8
44.Qf2 Bg7 45.Nde2 Nhf6 46.Ng3 Qb8 47.Bxb6 Nxb6 48.Qxb6 Nd7 49.Qf2 Ba8 50.Na2 a5
51.b5 Nb6 52.c5 dxc5 53.e5 c4 54.Be4 Bf8 55.Qf3 Bd5 56.Red1 Nxa4 57.Bxd5 exd5
58.Rxd5 Nc5 59.Nc3 Be7 60.Nge4 Nxe4 61.Nxe4 Red8 62.Nc3 Rxd5 63.Nxd5 Bd8
64.Rb1 Rc5 65.Nc3 a4 66.Kh1 a3 67.Qf2 Be7 68.b6 Qb7 69.Qc2 Rc6 70.Nd5 Bd8
71.Qa4 Bxb6 72.Qxc6 Qxc6 73.Ne7+ Kg7 74.Nxc6 Bc5 75.Rc1 c3 76.Rxc3  1-0

[Event "2nd Subasic Mem"]
[Site "Zenica BIH"]
[Date "2003.12.08"]
[Round "4"]
[White "Muratovic,En"]
[Black "Boskovic,D"]
[Result "1/2-1/2"]
[WhiteElo "2281"]
[BlackElo "2402"]

1.e4 c5 2.Nf3 e6 3.d4 cxd4 4.Nxd4 a6 5.Bd3 Nf6 6.O-O d6 7.f4 Qb6 8.Kh1 Nc6
9.Nb3 Be7 10.Nc3 O-O 11.Qf3 Qc7 12.Be3 Nb4 13.Rac1 b5 14.a3 Nxd3 15.cxd3 Qd7
16.Qg3 Bb7 17.f5 Kh8 18.fxe6 fxe6 19.Nd4 Rae8 20.Qh3 Bc8 21.Nf3 e5 22.Qxd7 Bxd7
23.Bg5 Be6 24.Nh4  1/2-1/2

[Event "22nd SEA Games Standard"]
[Site "Ho Chi Minh City VIE"]
[Date "2003.12.09"]
[Round "2"]
[White "Jiravorasuk,B"]
[Black "Bao Quang"]
[Result "1-0"]
[WhiteElo "2276"]
[BlackElo "2341"]

1.e4 c5 2.Nf3 e6 3.d4 cxd4 4.Nxd4 a6 5.Bd3 Nc6 6.Nb3 Nf6 7.Nc3 b5 8.a3 Bb7
9.O-O Be7 10.Kh1 O-O 11.f4 d6 12.Qf3 Qc7 13.Bd2 Nd7 14.Qh3 Nd8 15.Rae1 Nc5
16.Nxc5 dxc5 17.e5 g6 18.Be4 Nc6 19.f5 exf5 20.Nd5 Qd8 21.Qh6 Re8 22.Nf6+ Bxf6
23.exf6 Qxf6 24.Bc3 Nd4 25.Bxb7 Rab8 26.b4 Red8 27.Be4 Qd6 28.bxc5 Qxc5 29.Bb4 Qb6
30.Bd3 a5 31.Bc3 Rbc8 32.Bb2 Rd7 33.Re5 b4 34.Rfe1 Ne6 35.Bb5 Ra7 36.Ba4 Rc5
37.R5e3 f4 38.Rh3 Rf5 39.Qxh7+ Kf8 40.Qh8+  1-0

[Event "6th Open"]
[Site "Tanta City EGY"]
[Date "2003.12.09"]
[Round "3"]
[White "Abdelnabbi,I"]
[Black "Manolache,M"]
[Result "1/2-1/2"]
[WhiteElo "2484"]
[BlackElo "2457"]

1.e4 c5 2.Nf3 e6 3.d4 cxd4 4.Nxd4 a6 5.Bd3 Ne7 6.O-O Nec6 7.c3 Be7 8.Be3 d6
9.Nd2 O-O 10.f4 e5 11.Nxc6 Nxc6 12.f5 Bg5 13.Bxg5 Qxg5 14.Kh1 b5 15.a4 Rb8
16.axb5 axb5 17.b4 Ne7 18.Qe2 Bd7 19.Ra6 Bc6 20.Nb3 Rfc8 21.Qe1 Rd8 22.Qe2 Rdc8
23.Qe1 Rd8 24.Qe2 Rdc8  1/2-1/2

[Event "ch-IND National A"]
[Site "Calicut IND"]
[Date "2003.12.12"]
[Round "13"]
[White "Bakre,T"]
[Black "Prathamesh,S"]
[Result "1/2-1/2"]
[WhiteElo "2443"]
[BlackElo "2379"]

1.e4 c5 2.Nf3 e6 3.d4 cxd4 4.Nxd4 a6 5.Bd3 g6 6.O-O Bg7 7.Nb3 Ne7 8.c4 O-O
9.Nc3 d5 10.exd5 exd5 11.Bg5 dxc4 12.Bxc4 Qxd1 13.Raxd1 Nbc6 14.Rfe1 Nf5
15.Bd5 h6 16.Bf4 Nb4 17.Bf3 Be6 18.Nc5 Bxa2 19.Bxb7 Rad8 20.Nxa6 Nxa6 21.Bxa6 Bb3
22.Rxd8 Rxd8 23.Bb5 Rd4 24.Bc1 Rb4 25.Bd3 Be6 26.Kf1 Kh7 27.Be4 Rb3 28.Bc2 Rb4
29.Be4  1/2-1/2

[Event "FSIM December"]
[Site "Budapest HUN"]
[Date "2003.12.13"]
[Round "8"]
[White "Lengyel,B"]
[Black "Humphrey,J"]
[Result "0-1"]
[WhiteElo "2324"]
[BlackElo "2217"]

1.e4 c5 2.Nf3 e6 3.d4 cxd4 4.Nxd4 a6 5.Bd3 Bc5 6.Nb3 Ba7 7.O-O Nc6 8.Qe2 d6
9.Be3 Nf6 10.Nc3 Bxe3 11.Qxe3 e5 12.Rad1 Be6 13.Rd2 O-O 14.Rfd1 Qc7 15.Bf1 Rfd8
16.g3 b5 17.Bg2 Bc4 18.h3 b4 19.Ne2 a5 20.Nbc1 Re8 21.b3 Ba6 22.c4 bxc3 23.Qxc3 Red8
24.g4 h5 25.Qf3 hxg4 26.hxg4 Nh7 27.Qe3 Bc8 28.f3 Be6 29.Nc3 Nd4 30.N1e2 Rac8
31.Rd3 Nxe2+ 32.Nxe2 a4 33.bxa4 Bxa2 34.Ra3 Bc4 35.Ng3 Nf8 36.g5 g6 37.Bh3 Be6
38.Bf1 d5 39.exd5 Rxd5 40.Rxd5 Bxd5 41.a5 Ne6 42.a6 Nd4 43.Bd3 Nxf3+ 44.Kf2 Nxg5
45.a7 Ra8 46.Ra6 Nh3+ 47.Kf1 Nf4 48.Ne4 Bc4 49.Nf6+ Kf8 50.Nd7+ Kg7 51.Bxc4 Qxc4+
52.Kg1 Qxa6 53.Kh2 Qe2+  0-1

[Event "TCh-BEL 2003-4"]
[Site "Belgium BEL"]
[Date "2003.12.14"]
[Round "1"]
[White "Timmermans,I"]
[Black "Cappon,J"]
[Result "1-0"]
[WhiteElo "2213"]
[BlackElo "2227"]

1.e4 c5 2.Nf3 e6 3.d4 cxd4 4.Nxd4 a6 5.Bd3 Qc7 6.O-O Nc6 7.Nxc6 dxc6 8.a4 Nf6
9.a5 Bd6 10.f4 Bc5+ 11.Kh1 e5 12.f5 h5 13.Qe2 Ng4 14.Nd2 b5 15.axb6 Qxb6
16.Nc4 Qd8 17.g3 g6 18.Bd2 Qe7 19.Bc3 f6 20.Bd2 Rb8 21.b3 Qg7 22.Ra5 Rb5
23.b4 Be7 24.Ne3 Rb8 25.Nxg4 hxg4 26.Qxg4 Bxb4 27.Bxb4 Rxb4 28.Qxg6+ Qxg6
29.fxg6 O-O 30.Kg2 Kg7 31.h4 Kxg6 32.Rxe5 fxe5 33.Rxf8 Bb7 34.Rf5 c5 35.Rxe5 c4
36.Be2 Rb2 37.Bd1 a5 38.Rxa5 Bxe4+ 39.Kh3 Bf5+ 40.g4 Bxc2 41.Ra6+ Kg7 42.Bxc2 Rxc2
43.h5 Rd2 44.Rc6 Rd4 45.Kh4 Kh7 46.Kg5 Rd5+ 47.Kf4 Rd4+ 48.Kf5 Rd5+ 49.Ke4  1-0

[Event "ch-IND National A"]
[Site "Calicut IND"]
[Date "2003.12.14"]
[Round "15"]
[White "Das,A"]
[Black "Prathamesh,S"]
[Result "1/2-1/2"]
[WhiteElo "2299"]
[BlackElo "2379"]

1.e4 c5 2.Nf3 e6 3.d4 cxd4 4.Nxd4 a6 5.Bd3 Nf6 6.O-O Qc7 7.Qe2 d6 8.c4 g6
9.Nc3 Bg7 10.Rd1 O-O 11.Nf3 Nbd7 12.h3  1/2-1/2

[Event "ch-IND National A"]
[Site "Calicut IND"]
[Date "2003.12.15"]
[Round "17"]
[White "Hariharan,V"]
[Black "Prathamesh,S"]
[Result "1/2-1/2"]
[WhiteElo "2245"]
[BlackElo "2379"]

1.e4 c5 2.Nf3 e6 3.d4 cxd4 4.Nxd4 a6 5.Bd3 g6 6.c4 Bg7 7.Ne2 d6 8.O-O Qc7
9.Nbc3 Nf6 10.Bg5 O-O 11.Rc1 Nbd7 12.b3 b6 13.Qd2 Bb7 14.Bb1 Rad8 15.Rfd1 Ne5
16.h3 Qb8 17.Bh6 Ba8 18.Bxg7 Kxg7 19.Nd4 Nc6 20.a4 Ne7 21.Qe3 Rd7 22.f4 Rfd8
23.Rd2 Nc6 24.Nf3 Ne8 25.Rcd1 Qc7 26.Nd4 Nxd4 27.Qxd4+ Nf6 28.Qe3 Qc5 29.Kf2 Kf8
30.Qxc5 bxc5 31.g4 Ke7 32.g5 Nh5 33.f5 f6 34.h4 e5 35.Ke3 Rg8 36.fxg6 hxg6
37.gxf6+ Nxf6 38.Rg1 Rh8 39.Rh2 Rh6 40.a5 Kd8 41.Bd3 Kc7 42.Be2 Rdh7 43.Rf2 Nd7
44.Bg4 Rxh4 45.Bxd7 Kxd7 46.Rxg6 Rh3+ 47.Rf3 Rxf3+ 48.Kxf3 Bc6 49.Nd5 Rf7+
50.Ke3 Bxd5  1/2-1/2

[Event "Christmas Open"]
[Site "Zadar CRO"]
[Date "2003.12.16"]
[Round "3"]
[White "Geller,J"]
[Black "Ljubicic,F"]
[Result "1/2-1/2"]
[WhiteElo "2486"]
[BlackElo "2398"]

1.e4 c5 2.Nf3 e6 3.d4 cxd4 4.Nxd4 a6 5.Bd3 Nc6 6.Nxc6 bxc6 7.O-O d5 8.c4 dxc4
9.Bxc4 Qxd1 10.Rxd1 Nf6 11.Nc3 Bc5 12.Kf1 e5 13.Ke2 Bd4 14.f3 Rb8 15.a3 Nd7
16.Na4 Nb6 17.Nxb6 Rxb6 18.Rb1 Ke7 19.Be3 Bxe3 20.Kxe3 a5 21.Kd3 Be6 22.b3 Rd8+
23.Kc3 Bxc4 24.Kxc4 Rd6 25.Rxd6 Kxd6 26.Rd1+ Kc7 27.h4 Rb8 28.g4 f6 29.g5 Rf8
30.g6 hxg6 31.Rg1 Rh8 32.Rxg6 Rxh4 33.Rxg7+ Kb6 34.Kd3 Rh3 35.Ke3 Rh1 36.Kd3  1/2-1/2

[Event "Christmas Open"]
[Site "Zadar CRO"]
[Date "2003.12.16"]
[Round "3"]
[White "Palac,M"]
[Black "Gombac,Jan"]
[Result "1-0"]
[WhiteElo "2534"]
[BlackElo "2290"]

1.e4 c5 2.Nf3 e6 3.d4 cxd4 4.Nxd4 a6 5.Bd3 Bc5 6.Nb3 Ba7 7.Qg4 Qf6 8.O-O Nc6
9.Qg3 h5 10.Be3 h4 11.Qh3 Bxe3 12.Qxe3 h3 13.g3 Nge7 14.Nc3 d6 15.f4 Bd7
16.Rae1 Ng6 17.Na4 O-O 18.Nb6 Rad8 19.c3 Be8 20.Rf2 Nge7 21.Bf1 Qh6 22.g4 e5
23.f5 Qxe3 24.Rxe3 d5 25.exd5 Nxd5 26.Nxd5 Rxd5 27.Bxh3 f6 28.Bg2 Rd1+ 29.Rf1 Rxf1+
30.Kxf1 Bf7 31.Ke1 Bc4 32.Nc5 b6 33.Nd7 Rf7 34.Bxc6  1-0

[Event "1st GM"]
[Site "Kish IRI"]
[Date "2003.12.21"]
[Round "11"]
[White "Bojkov,D"]
[Black "Mahjoob,M"]
[Result "1-0"]
[WhiteElo "2398"]
[BlackElo "2408"]

1.e4 c5 2.Nf3 e6 3.d4 cxd4 4.Nxd4 a6 5.Bd3 Qb6 6.c3 Qc7 7.O-O Nf6 8.Qe2 d6
9.c4 g6 10.Nc3 Bg7 11.Rd1 O-O 12.Nf3 Nbd7 13.Bf4 Ng4 14.Rac1 b6 15.Qd2 Rd8
16.Be2 Qc5 17.Bf1 Nde5 18.Nxe5 Nxe5 19.b3 Bb7 20.Bg5 Rd7 21.Be3 Qc6 22.Nd5 Rf8
23.h3 f5 24.f4 Nf7 25.exf5 gxf5 26.Qf2 Nh8 27.Be2 Rdf7 28.Nxb6 Bb2 29.Bf3 Qc7
30.Qxb2 Bxf3 31.gxf3 Ng6 32.Kh2 Rg7 33.Rg1 Kf7 34.Rg3 Rfg8 35.Rcg1 Qd8 36.Qd4 Re8
37.Bd2 Kg8 38.Bc3 Ree7 39.c5 d5 40.Nc4  1-0

[Event "Christmas Open"]
[Site "Zurich SUI"]
[Date "2003.12.26"]
[Round "1"]
[White "Seps,M"]
[Black "Landenbergue,C"]
[Result "1/2-1/2"]
[WhiteElo "2068"]
[BlackElo "2441"]

1.e4 c5 2.Nf3 e6 3.d4 cxd4 4.Nxd4 a6 5.Bd3 Bc5 6.Nb3 Be7 7.O-O d6 8.f4 Nf6
9.Qf3 O-O 10.Nc3 Nc6 11.a4 Nb4 12.a5 Bd7 13.Be3 Bc6 14.Nd4 Bd7 15.Kh1 Rc8
16.e5 dxe5 17.fxe5 Nfd5 18.Nxd5 Nxd5 19.Qe4 g6 20.Bh6 Qc7 21.Bxf8 Bxf8 22.Qf3 Bc6
23.Nxc6 bxc6 24.Bxa6 Rb8 25.b3 Bg7 26.Rae1 Rf8 27.Bc4 Qxa5 28.Qe4 Qc3 29.Rf3 Qb2
30.Bxd5 cxd5 31.Qe2 Rc8 32.Rf2 Qc3 33.Qe3 Qb4 34.Ref1 Rc7 35.Qe2 h5 36.Qe1 Qg4
37.Qe3 Qb4 38.Rf4 Qb5 39.R4f2 Qb8 40.Re1 Qb4 41.Qd2 Qb5 42.Qd4 Qb8 43.Rfe2 Qb5
44.Qa4 Qb8 45.Ra1 Kh7 46.Qa8 Qb5 47.Qa6 Qb8 48.Qd3 Qb6 49.c4 dxc4 50.bxc4 Qc5
51.Rae1 Qxc4 52.Qxc4 Rxc4 53.g3 g5 54.Kg2 Kg6 55.Rf1 Rc5 56.Ref2 Rc7 57.Re2 Rc5
58.Ref2 Rc7  1/2-1/2

[Event "12th Donau Open"]
[Site "Aschach GER"]
[Date "2003.12.27"]
[Round "3"]
[White "Priborsky,I"]
[Black "Fauland,P"]
[Result "1/2-1/2"]
[WhiteElo "2175"]
[BlackElo "2262"]

1.e4 c5 2.Nf3 e6 3.d4 cxd4 4.Nxd4 a6 5.Bd3 d6 6.O-O Nc6 7.Nb3 Be7 8.Nc3 b5
9.a3 Bb7 10.Qe2 Ne5  1/2-1/2

[Event "ch-Arab m"]
[Site "Cairo EGY"]
[Date "2003.12.27"]
[Round "8"]
[White "Hakki,I"]
[Black "Arab,A"]
[Result "1-0"]
[WhiteElo "2454"]
[BlackElo "2241"]

1.e4 c5 2.Nf3 e6 3.d4 cxd4 4.Nxd4 a6 5.Bd3 Qc7 6.O-O Nf6 7.Qe2 d6 8.c4 Nbd7
9.f4 Be7 10.Kh1 b6 11.b3 Bb7 12.Nd2 O-O 13.Bb2 Rfe8 14.N4f3 e5 15.f5 Nc5
16.Bc2 Bc6 17.Rg1 Qb7 18.Rae1 b5 19.g4 bxc4 20.g5 Nfxe4 21.Nxe4 Nxe4 22.Bxe4 d5
23.Bc2 Bb4 24.Ref1 c3 25.Bc1 d4 26.g6 fxg6 27.fxg6 Rf8 28.Rg3 Kh8 29.Rh3 Bd5
30.Qxe5 Rxf3 31.Rfxf3 Bxf3+ 32.Kg1 Qd7 33.Rxf3 Re8 34.Qh5 h6 35.Bxh6 gxh6  1-0